| 000 | 00755cam a2200217 a 4500 | ||
|---|---|---|---|
| 999 |
_c57391 _d57391 |
||
| 001 | 16252195 | ||
| 005 | 20221107152104.0 | ||
| 008 | 100521s2011 moua b 001 0 eng | ||
| 020 | _a9781437708066 X | ||
| 041 | _aeng | ||
| 080 | _a615.8 C-17 | ||
| 100 | 1 |
_aCameron, Michelle H. _98413 |
|
| 245 | 1 | 0 |
_aPhysical rehabilitation for the physical therapist assistant / _cMichelle H. Cameron, Linda G. Monroe. |
| 264 |
_aSt. Louis, Mo. : _bElsevier/Saunders, _c2011. |
||
| 300 |
_a594 p. : _bill. (chiefly col.) ; _c28 cm. |
||
| 653 | _aფიზიკური თერაპია | ||
| 653 | _aმედიცინა | ||
| 653 | _aფიზიოთერაპია | ||
| 700 | 1 |
_aMonroe, Linda G. _eავტორი _98418 |
|
| 942 |
_2udc _cBK |
||